000 00465nam a22001577a 4500
003 NUST
038 _asaima
082 _a621.3
100 _aKhurshid, Hasnat
_935269
245 _aClassification and Segmentation in Remotely Sensed Imagery /
260 _aIslamabad :
_bMCS - NUST,
_c2016
300 _a101 p. ;
_c30cm.
650 _aElectrical Engineering-Classification and Segmentation
_935270
700 _aDr. Muhammad Faisal Khan
_935148
942 _2ddc
_cTHE
999 _c540969
_d540969